000 01551ngm a2200361 4500
003 dpl
005 20090106164555.0
007 DVD
008 ||||||sp199 xxu|||||c ||| 00| 0 ng d
010 _aDVD-001924-1926
024 _aSHE-1829 F2
_c39.00
035 _aDVD-001924-1926
040 _aDPL
_cDPL
082 _aDVD / CHHO
245 _aChhoti Si Baat
_cB. R. Films Pvt. Ltd. Presents
_h[videorecording] DVD/
260 _bShemaroo Home Entertainment
300 _a2 videodisc DVD;
_bsd., col. ;
_c4 3/4 in.
_fDVD
440 _aShemaroo Home Entertainment
538 _aDolby Digital 5.1 - Hindi Subtitles: English
538 _aNTSC Format-All Regions, 16x9 Anamorphic (2:23.1 Aspect Ratio), Dual Layer
650 _aMotion Picture
700 _aChopra, B. R.
700 _aChatterji, Basu
700 _aChowdhury, Salil
700 _aAshok Kumar
700 _aPalekar, Amol
700 _aSinha, Vidya
942 _cCF
_2ddc
_hDVD
_mCHHO
999 _c20659
_d20659